000 00366 a2200157 4500
001 151355
040 _cEscola São Tomás de Aquino
100 _aGANNET, Ruth Stiles
240 1 0 _aAderbal e o dragão
_lpor
245 1 0 _aAderbal e o dragão
300 _a87
362 0 _a2004
440 1 _aSalamandra
697 _a*LITERATURA INFANTO JUVENIL
942 _cBK
999 _c151355
_d151355